000 01645nam a22003977a 4500
003 CHAP
005 20220817044544.0
008 121011s2012 mx r 00010 spa d
010 _a104071
011 _a105043
035 _a115735
040 _cCHAP
090 _aTesis
100 1 _aMoreno Sánchez, Juan Cresencio.
_978710
245 1 0 _aResistencia de un biotipo de (Avena fatua L.) al herbicida clodinafop propargyl colectado en el Estado de Guanajuato
_h[En línea]
_c/por Juan Cresencio Moreno Sánchez
260 _aChapingo, Méx. :
_bEl autor,
_c2012
500 _aPara ver el contenido del material haga clic en la liga
502 _aTesis (Ing. Agrónomo Especialista en Parasitología Agrícola) -- UACH. Departamento de Parasitología Agrícola
590 _aALEPH
_b10
_c20130110
_lUCH01
_h1547
590 _aBATCH-UPD
_b10
_c20130110
_lUCH01
_h0328
590 _aBATCH-UPD
_b10
_c20130110
_lUCH01
_h0332
590 _aBATCH-UPD
_b10
_c20130110
_lUCH01
_h0423
590 _aBATCH-UPD
_b10
_c20130409
_lUCH01
_h2335
590 _aBATCH-UPD
_b10
_c20130913
_lUCH01
_h1923
590 _aBATCH-UPD
_b10
_c20140324
_lUCH01
_h1535
590 _aBATCH-UPD
_b10
_c20141002
_lUCH01
_h0856
590 _aCONVERSION
_b10
_c20130109
_lUCH01
_h1357
650 0 4 _aAvena fatua.
_98557
650 0 4 _aMalas hierbas
_xResistencia a herbicidas.
650 0 4 _aPlantas
_xResistencia a herbicidas.
_988883
856 _3Finding aid
_uhttp://10.13.5.2/tesis/115735.pdf
_zTeclea aqui
901 _aBK
942 _cFOLL
949 _aTesis
_bBC
_cTES
_d33724002351496
_eTS1
_h54169
_i115735
_st
949 _aTesis
_bBC
_cTES
_d33724002351538
_eTS2
_fc.2
_h54170
_i115735
_st
999 _c104071
_d104071